| 000 | 00741nam a2200253 i 4500 | ||
|---|---|---|---|
| 001 | C2-0265032 | ||
| 003 | PPAK | ||
| 005 | 20180727233121.0 | ||
| 008 | 050531s2001 my a|||| ||||| | eng d | ||
| 020 | _a9834070705 | ||
| 040 |
_aPPAK _beng _cPPAK _erda |
||
| 082 | 0 | 4 |
_a387.204495957 _223 |
| 090 | 0 | 0 |
_a387.204495957 _bFOO _dR |
| 100 | 1 |
_aFoo, Vincent H.K., _eauthor |
|
| 245 | 1 | 0 | _aStory of the Sarawak steamship company |
| 264 | 1 |
_aSarawak : _bThe Sarawak Steamship Company Berhad , _c2001 |
|
| 300 |
_aviii, 168 pages : _billustrations ; _c25 cm |
||
| 336 |
_2rdacontent _atext |
||
| 337 |
_2rdamedia _aunmediated |
||
| 338 |
_2rdacarrier _avolume |
||
| 650 | 1 | 0 | _aSarawak - Steamship Company. |
| 700 | _eauthor | ||
| 942 |
_ddc _cB |
||
| 999 |
_c74661 _d74661 |
||